000
00256nam a2200109Ia 4500
008
190912s9999||||xx |||||||||||||| ||und||
100
_a
West). Presse
245
0
_a
Facts about Germany
260
_a
Germany
_b
West Presse
_c
2003
300
_a
479
942
_c
BK
999
_c
7266
_d
7266